000
00280nam a2200121Ia 4500
100
_a
Coimbatore Inst of Tech
942
_c
BK
654
_a
Manufacturing systems
245
_a
Intelligent Manufacturing Systems
260
_b
CIT
_a
NONE
_c
1998
546
_a
ENGLISH
999
_c
20159
_d
20159